000
00294nam a22001217a 4500
003
SGT
082
_a
617.54
_b
M11L
100
_a
LODDENKEMER, ROBERT
245
_a
MEDICAL THORACOSCOPY PLEUROSCOPY MANUAL AND ATLAS
260
_a
NEW YORK
_b
THIEMS PUB
_c
2011
300
_a
178
942
_2
ddc
_c
BK
999
_c
14807
_d
14807